000 00708cam a22002172a 4500
001 000048
003 AR-FADEU
008 311216n########xxu####################dd
092 _a197.2
_bE34
100 _aEikhenbaum, B.
245 _aFormalismo y vanguardia
260 _aMadrid
260 _bAlberto
260 _bCorazon
300 _a160 p
440 _aComunicación, serie B
500 _aContiene: B. Eikhenbaum. La teoría del "método formal" -- V. Chklovski. El arte como procedimiento -- J. Tinianov. De la evolución literaria -- J. Tinianov. Sobre la composición del Evgeni Onegin
700 _aAgustin, Garcia Tirado, trad
650 _aFILOSOFIA-RUSIA; FORMALISMO
942 _cBDGR
999 _c5893
_d5893